| 000 | 00547cam a22002051a 4500 | ||
|---|---|---|---|
| 001 | sa 68019498 | ||
| 003 | DLC | ||
| 005 | 20260227112718.0 | ||
| 008 | 840126s1966 io 000 1 jav | ||
| 010 | _asa 68019498 | ||
| 035 | _a(OCoLC)10342956 | ||
| 040 |
_aDLC _cOAU _dDLC |
||
| 042 | _apremarc | ||
| 050 | 0 | 0 |
_aPL5179.S94 _bE8 |
| 100 | 0 | _aSurjani A. S. | |
| 245 | 1 | 0 |
_aEseme djeng Tatiek / _ckarangane Surjani A.S. ; gambarane Jono S. Wijono. |
| 250 | _aTjap-tjapan 1. | ||
| 260 |
_aSala : _bNasional, _c1966. |
||
| 300 |
_a34 p. ; _c14 cm. |
||
| 999 |
_c88926 _d88926 |
||